|
|
|
|
| LEADER |
00000nam0a2200000 4500 |
| 001 |
273273 |
| 005 |
20231101234620.0 |
| 020 |
|
|
|a RU
|b 87-46654ж
|
| 035 |
|
|
|a (RuTPU)RU\TPU\book\296482
|
| 090 |
|
|
|a 273273
|
| 100 |
|
|
|a 20141024d1987 k y0rusy5003 ca
|
| 101 |
0 |
|
|a rus
|
| 102 |
|
|
|a UA
|
| 105 |
|
|
|a a z 001zy
|
| 200 |
1 |
|
|a Современные проблемы промышленного электролиза, коррозии и защиты окружающей среды
|e [сборник научных трудов]
|f Харьковский политехнический институт (ХПИ) ; отв. ред. Б. И. Байрачный
|h Вып. 2
|
| 210 |
|
|
|a Харьков
|c Вища школа
|d 1987
|
| 215 |
|
|
|d 22 см
|a 72 с.
|c ил.
|
| 225 |
1 |
|
|a Вестник Харьковского политехнического института
|v № 246
|
| 305 |
|
|
|a Основан в 1981 г.
|
| 320 |
|
|
|a Библиогр. в конце ст.
|
| 606 |
1 |
|
|a Электрохимия прикладная
|2 stltpush
|3 (RuTPU)RU\TPU\subj\21017
|9 46069
|
| 610 |
1 |
|
|a промышленный электролиз
|
| 610 |
1 |
|
|a коррозия
|
| 610 |
1 |
|
|a защита
|
| 610 |
1 |
|
|a окружающая среда
|
| 610 |
1 |
|
|a покрытия
|
| 610 |
1 |
|
|a осаждение
|
| 610 |
1 |
|
|a конструкционные материалы
|
| 610 |
1 |
|
|a оборудование
|
| 610 |
1 |
|
|a электролиты
|
| 610 |
1 |
|
|a анодные пленки
|
| 610 |
1 |
|
|a оксидные пленки
|
| 610 |
1 |
|
|a электропроводность
|
| 675 |
|
|
|a 621.35
|v 3
|
| 702 |
|
1 |
|a Байрачный
|b Б. И.
|g Борис Иванович
|4 340
|
| 712 |
0 |
2 |
|a Харьковский политехнический институт (ХПИ)
|c (1929- )
|2 stltpush
|3 (RuTPU)RU\TPU\col\291
|
| 801 |
|
0 |
|a RU
|b RuMRKP
|c 19950417
|g psbo
|
| 801 |
|
1 |
|a RU
|b 63413507
|c 20141024
|
| 801 |
|
2 |
|a RU
|b 63413507
|c 20170112
|g RCR
|
| 942 |
|
|
|c BK
|